Mort subite - Football : les clubs français qui ont déjà joué l'Europe - Statistiques

Statistiques générales
  • Ce quiz a été pris 347 fois
  • Le résultat moyen est 17 sur 37
Answers on the Grid
Answers color-coded by a green-red scale on the quiz's grid according to % correct below.
Ac Ajaccio
Amiens SC
Angers SCO
Angoulême
As Cannes
As Monaco
ASSE
Auxerre
Châteauroux
DFCO
FC Lorient
FC Metz
FC Rouen
Girondins de Bordeaux
Grenoble
Gueugnon
Guingamp
Le Havre
Le Mans
Lens
LOSC
Louhans Cuiseaux
Martigues
Montpellier
Nancy
Nantes
Nîmes
OGC Nice
OL
OM
Paris FC
PSG
Racing club
Red Star
SC Bastia
Sedan
Sète
SM Caen
Sochaux
Stade Brestois
Stade de Reims
Stade Français
Stade Lavallois
Stade Rennais
Strasbourg
Toulouse FC
Toulouse FC 1937-1967
Tours
Troyes
Valenciennes
 
Statistiques - réponses
Réponse % Correct
As Monaco
88%
OL
87%
ASSE
86%
OM
86%
PSG
85%
Girondins de Bordeaux
81%
LOSC
80%
OGC Nice
79%
Lens
75%
Auxerre
74%
Nantes
71%
Stade de Reims
69%
Stade Rennais
69%
Strasbourg
69%
Montpellier
68%
Toulouse FC
64%
Stade Brestois
63%
Guingamp
49%
Sochaux
47%
FC Metz
46%
As Cannes
34%
SC Bastia
32%
FC Lorient
28%
Nancy
28%
Toulouse FC 1937-1967
21%
Angers SCO
19%
Gueugnon
19%
SM Caen
18%
Sedan
16%
Nîmes
13%
Racing club
10%
Troyes
10%
Châteauroux
9%
FC Rouen
7%
Stade Lavallois
7%
Stade Français
6%
Angoulême
4%
Aucun quiz correspondant
Distribution des résultats
% des personnes avec chaque résultat
Percentile par nombre de réponses
Votre historique - résultats
Vous n’avez pas pris ce quiz